Every Football League Club From Yorkshire - Statistics

General Stats
  • This quiz has been taken 1,047 times
  • The average score is 12 of 19
Answer Stats
Clubs % Correct
Leeds United
95%
Sheffield United
95%
Sheffield Wednesday
95%
Hull City
85%
Bradford City
83%
Huddersfield Town
82%
York City
81%
Barnsley
79%
Middlesbrough
75%
Doncaster Rovers
74%
Rotherham United
72%
Harrogate Town
64%
Halifax Town
56%
Bradford (Park Avenue)
45%
Scarborough
45%
Leeds City
37%
Rotherham Town
25%
Middlesbrough Ironopolis
6%
Rotherham County
6%
No matching quizzes found
Score Distribution
Percent of People with Each Score
Percentile by Number Answered
Your Score History
You have not taken this quiz